Teoría del acto icónico.

Gorde:
Xehetasun bibliografikoak
Egile nagusia: Bredekamp, Horst (autor)
Beste egile batzuk: Rudolf Mur, Anna-Carolina (traducción), Espino Nuño, Jesús (revisión)
Formatua: Liburua
Hizkuntza:gaztelania
Argitaratua: Madrid, España: Akal, 2017.
Saila:Akal Estudios Visuales, 9
Gaiak:
Etiketak: Etiketa erantsi
Etiketarik gabe, Izan zaitez lehena erregistro honi etiketa jartzen!

MARC

LEADER 00000cam a2200000 a 4500
001 UCC2887
003 CL-VaPUC
005 20240306160246.0
008 180323e20170000ag |||||||||||||||||spa|d
999 |c 370800  |d 370798 
020 |a 978-84-460-3875-7 
040 |c Pontificia Universidad Católica de Valparaíso 
082 0 4 |a 701.18 BRE 2017  |2 21 
100 0 |a Bredekamp, Horst  |e autor  |9 596891 
245 1 0 |a Teoría del acto icónico. 
260 |a Madrid, España:  |b Akal,  |c 2017. 
300 |a 285 páginas. 
490 0 |a Akal Estudios Visuales,  |v 9 
583 |a last modification  |c 20180323 15:33:00  |k Rodrigo Vera 
650 0 |a Filosofía del arte  |9 264951 
650 0 |a Imagen  |9 311402 
650 0 |a Estética   |9 264950 
700 |a Rudolf Mur, Anna-Carolina  |e traducción  |9 870858 
700 |a Espino Nuño, Jesús  |e revisión  |9 870859 
942 |c BK  |2 ddc 
945 |d 20180323 15:33:00  |a arojas 
952 |0 0  |1 0  |3 erb  |4 0  |6 701_180000000000000_BRE_2017  |7 0  |8 A  |9 487452  |a BIBART  |b BIBART  |i 5458773  |o 701.18 BRE 2017  |p 5458773  |r 2025-03-13  |w 2019-11-24  |y BK  |z Catalogado en:20180323  |k ART 
952 |0 0  |1 0  |2 ddc  |4 0  |6 701_180000000000000_BRE_2017  |7 0  |8 A  |9 583768  |a BIBART  |b BIBART  |d 2022-06-15  |e 135  |g 32900.00  |i 5651892  |o 701.18 BRE 2017  |p 5651892  |r 2025-03-13  |t 2  |v 32900.00  |w 2022-06-15  |y BK  |k ART